000 00305nam a22001337a 4500
008 170926b xxu||||| |||| 00| 0 eng d
020 _a9780761908944
041 _aeng
080 _27TH
_a37
100 _a46
101 _aEDU
245 _aEVALUATION A SYSTEMATIC APPROACH
_cROSSI,P.H
942 _2udc
_cBK
999 _c30068
_d30068